=LDR 00000nam 2200000 4500 =001 INLIS000000000030489 =005 20200304064842 =035 ##$$a 0010-061300000030489 =008 200304################g##########0#ind## =041 ##$$a Ind =082 ##$$a 190 =090 ##$$a 190, Car d =100 1#$$a Carlson, Richard =245 1#$$a Don't sweat the small stuff : $b Jangan membuat masalah kecil jadi masalah besar /$c Richard Carlson : alih bahasa Siti Gretiani =260 ##$$a Jakarta :$b Gramedia,$c 2004 =300 ##$$a xix, 172 hlm, ; $c 13,5x20 cm. =650 #4$$a Filsafat Modern =850 ##$$a NBPNMAT =020 ##$$a 979-605-953-3 =084 ##$$a 190 CAR d =700 #$$a Gretiani, Siti =504 ##$$a Bibliografi : hlm. 170 -171 =990 ##$$a 13768